Parts of a Church on a Floor Plan - Statistics

General Stats
  • This quiz has been taken 905 times
  • The average score is 4 of 10
Answers on the Map
Answers color-coded by a green-red scale on the quiz's map according to % correct below.
 
Answer Stats
Answer % Correct
Aisles
78%
Towers
55%
Crossing
52%
Nave
45%
Choir
42%
Apse
35%
Narthex
30%
Transept
30%
Ambulatory
27%
Chevette
18%
No matching quizzes found
Score Distribution
Percent of People with Each Score
Percentile by Number Answered
Your Score History
You have not taken this quiz